000 01087nam a2200289 a 4500
001 9575
003 BD-RjUL
005 20211208234812.0
008 140121s1986 nyua b 000 0 eng
020 _a0080339905
035 _a(BD-RjUL)9620
040 _aDLC
_cDLC
_dDLC
_dBD-RjUL
_beng
041 _aeng
082 0 0 _a621.312429
_219
_bASS
245 0 0 _aAssessment of research needs for advanced fuel cells /
_cby the DOE Advanced Fuel Cell Working Group, 1984-85 (AFCWG) ; editor, S.S. Penner.
260 _aNew York :
_bPergamon Press,
_cc1986.
300 _axi, 229 p. :
_bill. ;
_c28 cm.
500 _a"Published as a special issue of the journal Energy, volume 11, number 1/2 and supplied to subscribers as part of their normal subscription. Also available to non-subscribers"--P. [ii]
504 _aIncludes bibliographies.
650 0 _aFuel cells.
_929661
650 0 _aFuel cells
_xResearch.
_929662
700 1 _aPenner, S. S.
_929663
710 2 _aDOE Advanced Fuel Cell Working Group.
_929664
942 _2ddc
_cBK
999 _c9575
_d9575